00533 2200193 4500001002100000005001500021008004100036020002200077035001900099041000700118082001000125090001600135100003300151245003400184250001000218260004700228300003000275650003400305INLIS00000000001426220241224114718241224||||||||| | ||| |||| || |  a978-979-1486-76-7 0010-1224014262 aid0 a658.3 a658.3 EDY m0 aProf. Dr. Edy Sutrisno, M.Si00amanajemen sumber daya manusia acet.1 aJakartabkencana prenada media groupc2009 ax,244 hlm.; 15 cm x 23 cm 0aManajemen Sumber Daya Manusia